| 000 | 00541nam a2200193Ia 4500 | ||
|---|---|---|---|
| 005 | 20221130143904.0 | ||
| 008 | 220525s9999 xx 000 0 und d | ||
| 020 |
_a9781920520120 _qPaperback |
||
| 040 | _c3228 | ||
| 082 | _aJ 800 LEKH | ||
| 100 |
_aLekhuleni, N _94273 |
||
| 245 | 0 | _aNew tales from South Africa 4: A brief overview of publishing/ | |
| 260 |
_aJohannesburg: _bMthombothi Studios, _c2016 |
||
| 300 |
_a40 pages _c23 cm |
||
| 521 | _aJunior | ||
| 942 |
_xElsie _y162 _zElsie Maluleke |
||
| 942 | _2ddc | ||
| 942 |
_cBK _2ddc |
||
| 999 |
_c637081 _d637080 |
||